[Event "10th EUR-ch (w)"]
[Site "Sankt Petersburg RUS"]
[Date "2009.03.14"]
[Round "7"]
[White "Charochkina, Daria"]
[Black "Arabidze, Meri"]
[Result "1-0"]
[WhiteElo "2316"]
[BlackElo "2246"]
[EventDate "2009.03.08"]
[PlyCount "55"]

1.e4 c6 2.d4 d5 3.e5 Bf5 4.h4 h5 5.Bg5 Qb6 6.Bd3 Qxb2 7.Bxf5 Qxa1 8.e6 
fxe6 9.Bg6+ Kd8 10.Nf3 Nd7 11.Bf4 e5 12.dxe5 e6 13.O-O Be7 14.Bf7 Nf8 15.
Nd4 Kd7 16.Qd3 Qxa2 17.Qh3 Qc4 18.Nxe6 Nxe6 19.Qxe6+ Kd8 20.g3 Nh6 21.Bxh5
Rc8 22.Nd2 Qc5 23.Nb3 Qb6 24.Qg6 Rf8 25.Bd2 Qa6 26.Bg5 Nf5 27.Bxe7+ Kxe7 
28.Qg5+ 1-0

[Event "10th EUR-ch (w)"]
[Site "Sankt Petersburg RUS"]
[Date "2009.03.14"]
[Round "7"]
[White "Sorokina, Anastasia"]
[Black "Kochetkova, Yulia"]
[Result "1-0"]
[WhiteElo "2087"]
[BlackElo "2315"]
[EventDate "2009.03.08"]
[PlyCount "77"]

1.d4 d5 2.c4 c6 3.Nc3 Nf6 4.Nf3 a6 5.Qd3 g6 6.e4 dxe4 7.Nxe4 Nxe4 8.Qxe4 
Bg7 9.Be2 O-O 10.O-O Nd7 11.Bg5 Re8 12.Qh4 Qc7 13.Rfe1 c5 14.Rad1 cxd4 15.
Nxd4 Nc5 16.Bh6 Bh8 17.Bf3 e5 18.Nc2 Be6 19.Bd5 Na4 20.Ne3 Nxb2 21.Rb1 e4 
22.Ng4 Bxd5 23.cxd5 Nd3 24.Re3 f5 25.Nf6+ Bxf6 26.Qxf6 Rad8 27.Rg3 Rd6 28.
Qxf5 Qd7 29.Qg5 Rxd5 30.Qe3 b5 31.h4 Rf5 32.Rd1 Qf7 33.f3 Nc5 34.Re1 Re6 
35.Qd4 Rfe5 36.fxe4 Rxe4 37.Rxe4 Nxe4 38.Rf3 Nf6 39.Qd8+ 1-0

[Event "10th EUR-ch (w)"]
[Site "Sankt Petersburg RUS"]
[Date "2009.03.14"]
[Round "7"]
[White "Ziaziulkina, Nastassia"]
[Black "Savina, Anastasia"]
[Result "0-1"]
[WhiteElo "1950"]
[BlackElo "2297"]
[EventDate "2009.03.08"]
[PlyCount "120"]

1.e4 c5 2.Nf3 e6 3.d4 cxd4 4.Nxd4 a6 5.Bd3 Bc5 6.Nb3 Ba7 7.Qg4 Nf6 8.Qg3 
d6 9.Nc3 Nc6 10.O-O b5 11.a3 Bb7 12.Bg5 Ne5 13.Rad1 Rc8 14.Kh1 h6 15.Bc1 
h5 16.h3 Kf8 17.Bg5 Qe8 18.Be3 h4 19.Qg5 Rh5 20.Qf4 Bb8 21.Bb6 Ned7 22.Qe3
Nxb6 23.Qxb6 Qc6 24.Qe3 Qc7 25.f4 Rh8 26.Be2 Nh5 27.Bxh5 Rxh5 28.Nd4 Kg8 
29.Nf3 Qc5 30.Qxc5 dxc5 31.Nd2 Kf8 32.Ne2 Ke7 33.c4 bxc4 34.e5 f6 35.exf6+
gxf6 36.Nxc4 Rg8 37.Rf2 Rd5 38.Rxd5 Bxd5 39.Ne3 Bb7 40.f5 e5 41.Nc3 Rd8 
42.Kg1 c4 43.Kf1 Ba7 44.Ke2 Rg8 45.Ncd1 Be4 46.Kd2 Bd4 47.Ke1 Rg3 48.Kd2 
Rg8 49.Ke1 Bd3 50.Kd2 e4 51.Ke1 Be5 52.Rd2 Bg3+ 53.Nf2 Kf7 54.Kd1 Bf4 55.
Nfg4 Rb8 56.Ke1 Bg3+ 57.Nf2 c3 58.bxc3 Rb1+ 59.Rd1 Rb2 60.Ng4 Re2+ 0-1

[Event "10th EUR-ch (w)"]
[Site "Sankt Petersburg RUS"]
[Date "2009.03.14"]
[Round "7"]
[White "Zhukova, Natalia"]
[Black "Mamedyarova, Turkan"]
[Result "1-0"]
[WhiteElo "2490"]
[BlackElo "2245"]
[EventDate "2009.03.08"]
[PlyCount "113"]

1.d4 d5 2.c4 dxc4 3.Nf3 Nf6 4.Nc3 e6 5.e4 Bb4 6.Bg5 c5 7.e5 cxd4 8.Qa4+ 
Nc6 9.O-O-O Bd7 10.Ne4 Be7 11.exf6 gxf6 12.Bh4 Kf8 13.Qxc4 Rc8 14.Kb1 e5 
15.Nc5 Bf5+ 16.Bd3 Bxd3+ 17.Rxd3 Na5 18.Ne6+ fxe6 19.Qxe6 Qc7 20.Rd2 Nc4 
21.Rdd1 Na3+ 22.Ka1 Qc2 23.Qb3 Qxb3 24.axb3 Nb5 25.Rhe1 Kf7 26.Nxe5+ Kg7 
27.Nd3 Bd6 28.Re6 Rhf8 29.Rde1 Rc2 30.Kb1 Rc6 31.g4 h6 32.h3 Rc7 33.f4 Rd7
34.f5 Rff7 35.R1e4 b6 36.Kc2 Rc7+ 37.Kd2 Rcd7 38.Kd1 Rf8 39.Re2 Rff7 40.
R2e4 Rf8 41.Re2 Rff7 42.Be1 Nc7 43.R6e4 Nb5 44.Bd2 Bg3 45.Rg2 Bd6 46.Bf4 
Nc7 47.Rge2 Na6 48.Bxd6 Rxd6 49.b4 Nb8 50.Re8 Nc6 51.b5 Na5 52.Rc8 h5 53.
gxh5 Rfd7 54.Rg2+ Kh7 55.Rgg8 Kh6 56.Rg6+ Kh7 57.Nf2 1-0

[Event "10th EUR-ch (w)"]
[Site "Sankt Petersburg RUS"]
[Date "2009.03.14"]
[Round "7"]
[White "Tarasova, Viktoria"]
[Black "Peng Zhaoqin"]
[Result "1/2-1/2"]
[WhiteElo "2257"]
[BlackElo "2461"]
[EventDate "2009.03.08"]
[PlyCount "135"]

1.d4 d5 2.c4 dxc4 3.Nf3 Nf6 4.e3 Bg4 5.Bxc4 e6 6.O-O Nbd7 7.Nc3 Bb4 8.Be2 
O-O 9.Qb3 Qe7 10.a3 Bxc3 11.bxc3 b6 12.h3 Bh5 13.a4 c5 14.Ba3 e5 15.Rfe1 
Rfd8 16.Rad1 Rab8 17.c4 e4 18.Nd2 Bxe2 19.Rxe2 Qe6 20.Nf1 h5 21.Red2 Rdc8 
22.d5 Qf5 23.Ng3 Qg5 24.Bb2 h4 25.Ne2 a6 26.Nf4 Nh5 27.Qc3 Nxf4 28.exf4 
Qg6 29.f5 Qg5 30.Re2 Re8 31.Rde1 Nf6 32.Qc2 Qxf5 33.Bxf6 Qxf6 34.Rxe4 Rxe4
35.Qxe4 Rd8 36.Qe7 Qxe7 37.Rxe7 b5 38.axb5 axb5 39.cxb5 Rxd5 40.Rc7 f6 41.
b6 Rd1+ 42.Kh2 Rb1 43.b7 Kh7 44.Rxc5 Rxb7 45.Rh5+ Kg6 46.Rxh4 Rb2 47.Kg3 
Rb3+ 48.f3 Rb2 49.Ra4 Kh5 50.h4 g5 51.Ra5 Rb4 52.hxg5 fxg5 53.Ra6 Rc4 54.
Re6 Ra4 55.Re4 Ra1 56.Re8 Ra4 57.Rh8+ Kg6 58.Kh3 g4+ 59.fxg4 Ra1 60.Rf8 
Rh1+ 61.Kg3 Ra1 62.Rf3 Ra2 63.Rb3 Ra1 64.Rb4 Kg5 65.Rf4 Rb1 66.Rf5+ Kg6 
67.Rc5 Ra1 68.Rd5 1/2-1/2

[Event "10th EUR-ch (w)"]
[Site "Sankt Petersburg RUS"]
[Date "2009.03.14"]
[Round "7"]
[White "Matveeva, Svetlana"]
[Black "Tsatsalashvili, Keti"]
[Result "1/2-1/2"]
[WhiteElo "2422"]
[BlackElo "2231"]
[EventDate "2009.03.08"]
[PlyCount "168"]

1.d4 Nf6 2.c4 e6 3.Nc3 Bb4 4.Qc2 O-O 5.a3 Bxc3+ 6.Qxc3 b6 7.Bg5 Bb7 8.e3 
d6 9.Ne2 Nbd7 10.Qc2 Rc8 11.Nc3 Re8 12.Rd1 a6 13.Bh4 h6 14.f3 d5 15.cxd5 
exd5 16.Bf2 c5 17.Be2 b5 18.dxc5 Nxc5 19.Qb1 Qe7 20.O-O Qe6 21.Rfe1 Nfd7 
22.Bf1 Ne5 23.Ne2 Qg6 24.Qxg6 Nxg6 25.Nd4 Ne7 26.Rc1 Ne6 27.Bd3 Nxd4 28.
exd4 Rxc1 29.Rxc1 Rc8 30.Re1 Nc6 31.g4 Kf8 32.Bf5 Rd8 33.Rc1 Ne7 34.Bd3 
Rc8 35.Rc5 Rxc5 36.dxc5 Nc6 37.Bg3 Na5 38.Bd6+ Ke8 39.Be5 Kf8 40.Kf2 Bc6 
41.Bc3 Nb7 42.Ke3 f6 43.b4 Ke7 44.Be1 Nd8 45.Bg3 Nf7 46.Bf5 Bb7 47.Bc7 Ne5
48.f4 Nc4+ 49.Kd4 Bc6 50.Bg6 Kd7 51.Bb8 Ke7 52.h3 Kd7 53.Bf5+ Ke7 54.Bc8 
Nxa3 55.Bd6+ Kd8 56.Bf5 g5 57.Bf8 gxf4 58.Bxh6 f3 59.Ke3 d4+ 60.Kf2 Nc4 
61.h4 Bd5 62.g5 Ne3 63.Bh3 Nd1+ 64.Ke1 Nb2 65.Bf5 fxg5 66.Bxg5+ Ke8 67.Bf6
Bc4 68.Bxd4 Nd3+ 69.Bxd3 Bxd3 70.Kf2 Be4 71.Ke3 Ba8 72.Kf4 Kf7 73.h5 Kg8 
74.Be3 a5 75.bxa5 b4 76.Kg3 b3 77.Bc1 Kh7 78.a6 Bc6 79.a7 Ba8 80.Kf2 Bb7 
81.h6 Ba8 82.Kg3 Kg6 83.Kf2 Kf7 84.Kg3 Kg6 1/2-1/2

[Event "10th EUR-ch (w)"]
[Site "Sankt Petersburg RUS"]
[Date "2009.03.14"]
[Round "7"]
[White "Kharashuta, Ekaterina"]
[Black "Umudova, Nargiz"]
[Result "1-0"]
[WhiteElo "2304"]
[BlackElo "2227"]
[EventDate "2009.03.08"]
[PlyCount "51"]

1.Nf3 Nf6 2.g3 g6 3.Bg2 Bg7 4.d4 O-O 5.O-O d6 6.a4 a5 7.Nc3 c6 8.e4 Nfd7 
9.Be3 Na6 10.Qd2 Nb4 11.Bh6 e5 12.Bxg7 Kxg7 13.Rad1 Qe7 14.Ne2 Nf6 15.c3 
Na6 16.Nh4 Be6 17.f4 exd4 18.Nxd4 Bd7 19.Rde1 Nc5 20.e5 Ne8 21.exd6 Qf6 
22.f5 g5 23.Ne6+ fxe6 24.fxe6 Qd8 25.Rxf8 Qb6 26.Rf2 1-0

[Event "10th EUR-ch (w)"]
[Site "Sankt Petersburg RUS"]
[Date "2009.03.14"]
[Round "7"]
[White "Eidelson, Rakhil"]
[Black "Chasovnikova, Eugenia"]
[Result "0-1"]
[WhiteElo "2225"]
[BlackElo "2302"]
[EventDate "2009.03.08"]
[PlyCount "60"]

1.d4 Nf6 2.Nf3 e6 3.g3 b5 4.Bg2 Bb7 5.O-O c5 6.c3 Be7 7.Nbd2 O-O 8.Re1 d5 
9.dxc5 Bxc5 10.Nb3 Bb6 11.Nbd4 Nbd7 12.Rf1 a6 13.a4 bxa4 14.Rxa4 Ne4 15.
Ra1 Qf6 16.Nd2 Rfd8 17.Nxe4 dxe4 18.Qc2 Qg6 19.Qb1 Nf6 20.e3 a5 21.b3 Ng4 
22.f3 exf3 23.Qxg6 hxg6 24.Bxf3 Bxf3 25.Rxf3 Rac8 26.c4 Rxd4 27.exd4 Bxd4+
28.Kg2 Bxa1 29.Bd2 a4 30.Rf1 Bc3 0-1

[Event "10th EUR-ch (w)"]
[Site "Sankt Petersburg RUS"]
[Date "2009.03.14"]
[Round "7"]
[White "Bulmaga, Irina"]
[Black "Ivakhinova, Inna"]
[Result "0-1"]
[WhiteElo "2300"]
[BlackElo "2225"]
[EventDate "2009.03.08"]
[PlyCount "158"]

1.e4 c5 2.Nf3 Nc6 3.d4 cxd4 4.Nxd4 Qb6 5.Nb3 Nf6 6.Bd3 e6 7.O-O Be7 8.Nc3 
a6 9.Be3 Qc7 10.f4 d6 11.a4 b6 12.Qe2 Bb7 13.Qf2 Nd7 14.Rae1 O-O 15.Qg3 
Kh8 16.Qh3 Nb4 17.Rc1 Nc5 18.Nxc5 bxc5 19.f5 Qc8 20.f6 gxf6 21.Qh5 Rg8 22.
Rf3 Rg6 23.Bf1 Qg8 24.Rf2 Nc6 25.Rd1 Ne5 26.h3 Rd8 27.Bf4 Qe8 28.b3 Qc6 
29.Bxe5 dxe5 30.Rxd8+ Bxd8 31.Rd2 Ba5 32.Qf3 Kg7 33.Re2 f5 34.Kh1 f4 35.
Nd1 Rg3 36.Qf2 Qd6 37.Nb2 Qd4 38.Nc4 Bc3 39.Qxd4 exd4 40.Nd6 Bc6 41.Rf2 
Kf6 42.Bxa6 Ke7 43.Nc8+ Kf8 44.Rxf4 Re3 45.Bd3 Re1+ 46.Kh2 Ba5 47.Kg3 Bc7 
48.Kf2 Re3 49.Rf3 Rxe4 50.Na7 Bb7 51.Nb5 Bb8 52.Bxe4 Bxe4 53.Rd3 Ke7 54.a5
Bc6 55.Na3 e5 56.Nc4 e4 57.Rd1 Bb5 58.Re1 e3+ 59.Nxe3 dxe3+ 60.Rxe3+ Kd6 
61.Rf3 Ke6 62.c4 Ba6 63.Re3+ Be5 64.Ke2 f5 65.Kd3 Kf6 66.Re1 Bb7 67.Re2 h5
68.Ra2 Ba6 69.Ra4 Bd6 70.Ra1 h4 71.Ke3 Ke6 72.Rd1 Bb7 73.Ra1 Bxg2 74.a6 
Ba8 75.a7 f4+ 76.Kf2 f3 77.Ra6 Ke7 78.Rb6 Bg3+ 79.Kf1 Be4 0-1

[Event "10th EUR-ch (w)"]
[Site "Sankt Petersburg RUS"]
[Date "2009.03.14"]
[Round "7"]
[White "Manakova, Maria"]
[Black "Bezgodova, Svetlana"]
[Result "1-0"]
[WhiteElo "2299"]
[BlackElo "2214"]
[EventDate "2009.03.08"]
[PlyCount "81"]

1.e4 e5 2.Nc3 Nf6 3.f4 d5 4.fxe5 Nxe4 5.Nf3 Be7 6.Qe2 Bf5 7.Qb5+ c6 8.Qxb7
O-O 9.d4 Nd7 10.Qxc6 Nb6 11.Qb5 Nxc3 12.bxc3 Bxc2 13.Be2 Rc8 14.Qb2 Be4 
15.Bd2 Qd7 16.O-O Qg4 17.Rf2 Qg6 18.Raf1 Rb8 19.Qb5 Rfd8 20.Qa6 Rd7 21.e6 
Qxe6 22.Ne5 f6 23.Bg4 f5 24.Bxf5 Bxf5 25.Rxf5 Rd6 26.Qd3 Nd7 27.Nf7 Rdb6 
28.Re1 Qg6 29.Rxe7 Nf6 30.Ne5 Rb1+ 31.Rf1 Rxf1+ 32.Qxf1 Qc2 33.Be1 Rf8 34.
Qa6 h6 35.Qb7 Nh5 36.Qxd5+ Kh7 37.Nd7 Rf4 38.Qxh5 Qd3 39.Qe2 Qf5 40.g3 Rg4
41.Qe6 1-0

[Event "10th EUR-ch (w)"]
[Site "Sankt Petersburg RUS"]
[Date "2009.03.14"]
[Round "7"]
[White "Paikidze, Nazi"]
[Black "Makka, Ioulia"]
[Result "1/2-1/2"]
[WhiteElo "2280"]
[BlackElo "2203"]
[EventDate "2009.03.08"]
[PlyCount "82"]

1.d4 d5 2.c4 c6 3.Nf3 Nf6 4.Nc3 a6 5.e3 b5 6.b3 Bg4 7.Be2 e6 8.O-O Be7 9.
Ne5 Bxe2 10.Qxe2 O-O 11.cxd5 cxd5 12.Bb2 Ra7 13.f4 Rc7 14.Rac1 Qd6 15.Rc2 
Rfc8 16.Rfc1 Qd8 17.Nd3 Nc6 18.Nd1 Nb4 19.Nxb4 Bxb4 20.Nf2 Bd6 21.Nd3 Qe7 
22.g3 h6 23.Nf2 Rxc2 24.Rxc2 Rc7 25.Kg2 Qd7 26.Qd2 Qc8 27.Rxc7 Qxc7 28.Qc3
Ne8 29.Nd3 b4 30.Qxc7 Nxc7 31.Kf3 Kf8 32.h4 h5 33.Nf2 Ke7 34.g4 hxg4+ 35.
Kxg4 Ne8 36.Kf3 Kd7 37.Nd3 Nc7 38.h5 Ke7 39.Bc1 Ne8 40.Bd2 a5 41.Be1 f6 
1/2-1/2

[Event "10th EUR-ch (w)"]
[Site "Sankt Petersburg RUS"]
[Date "2009.03.14"]
[Round "7"]
[White "Lomako, Anna"]
[Black "Kazimova, Narmin"]
[Result "0-1"]
[WhiteElo "2277"]
[BlackElo "2165"]
[EventDate "2009.03.08"]
[PlyCount "116"]

1.e4 c5 2.Nc3 e6 3.Nf3 d6 4.d4 cxd4 5.Nxd4 a6 6.g3 b5 7.Bg2 Bb7 8.O-O Nf6 
9.Re1 Qc8 10.a4 bxa4 11.Nxa4 Nfd7 12.b3 Be7 13.Bb2 O-O 14.c4 Nc6 15.Nc2 
Qc7 16.f4 Bf6 17.Ba3 Bxa1 18.Nxa1 Nc5 19.Nxc5 dxc5 20.Bxc5 Rfd8 21.Qc1 a5 
22.Qc3 e5 23.Be3 exf4 24.gxf4 Nb4 25.Nc2 Rd3 26.Qb2 Nxc2 27.Qxc2 Rad8 28.
c5 Qd7 29.Qc4 Rd1 30.Rxd1 Qxd1+ 31.Kf2 Qd3 32.Qa4 Qc2+ 33.Kg3 Qc3 34.Kf2 
h6 35.Bf3 Kh7 36.Be2 Qb4 37.e5 Bd5 38.Bd3+ Kg8 39.Qxb4 axb4 40.Bc2 Bc6 41.
f5 Ra8 42.Kg3 Bd5 43.Kf4 Ra3 44.Bc1 Ra1 45.Be3 Rf1+ 46.Kg4 Kf8 47.Bd4 Rc1 
48.Bd3 Rd1 49.c6 Rxd3 50.Bc5+ Ke8 51.c7 Kd7 52.Bf8 Kxc7 53.Bxg7 Rxb3 54.
Bxh6 Rd3 55.Bf4 Kd7 56.h4 b3 57.Bc1 Rd1 58.Ba3 Ra1 0-1

[Event "10th EUR-ch (w)"]
[Site "Sankt Petersburg RUS"]
[Date "2009.03.14"]
[Round "7"]
[White "Mammadova, Gulnar"]
[Black "Borisova, Elizaveta"]
[Result "0-1"]
[WhiteElo "2175"]
[BlackElo "2270"]
[EventDate "2009.03.08"]
[PlyCount "54"]

1.e4 c5 2.f4 Nc6 3.Nf3 g6 4.g3 Bg7 5.Bg2 d6 6.O-O Rb8 7.a4 Nf6 8.Nc3 a6 9.
d3 b5 10.axb5 axb5 11.h3 b4 12.Ne2 O-O 13.g4 c4 14.Be3 cxd3 15.cxd3 Nd7 
16.Rc1 Na5 17.b3 Ba6 18.h4 Nc5 19.Bxc5 dxc5 20.Rxc5 Qb6 21.Qc2 Bxd3 22.
Qxd3 Qxc5+ 23.Kh1 Rfd8 24.Qb1 Qe3 25.Nc1 Qxf4 26.g5 Rbc8 27.Na2 Rd2 0-1

[Event "10th EUR-ch (w)"]
[Site "Sankt Petersburg RUS"]
[Date "2009.03.14"]
[Round "7"]
[White "Popova, Natalia"]
[Black "Jinova, Lucie"]
[Result "1-0"]
[WhiteElo "2266"]
[BlackElo "2131"]
[EventDate "2009.03.08"]
[PlyCount "111"]

1.e4 e6 2.d4 d5 3.e5 c5 4.c3 Nc6 5.Nf3 Bd7 6.Be2 Qb6 7.O-O a5 8.Na3 cxd4 
9.cxd4 Nb4 10.Nc2 Ne7 11.a3 Nxc2 12.Qxc2 Rc8 13.Qd3 Nf5 14.g4 Ne7 15.Bd2 
Nc6 16.Rab1 Be7 17.Rfd1 Na7 18.b4 Bb5 19.Qe3 a4 20.Rdc1 O-O 21.Bd1 Qa6 22.
Bc2 Rc6 23.Ne1 Rfc8 24.Qh3 g6 25.Qh6 Be2 26.h3 Nb5 27.Qe3 Bc4 28.Ra1 R6c7 
29.Nd3 Bxd3 30.Bxd3 Qb6 31.Rc5 Bxc5 32.dxc5 Qc6 33.Qf3 f5 34.exf6 Rf7 35.
Bg5 Nd4 36.Qe3 e5 37.Rd1 Re8 38.Bf1 h6 39.Bxh6 Rxf6 40.Bg2 Kh7 41.Bg5 Rf7 
42.Bh4 Qb5 43.Bxd5 Rf4 44.Bg2 Ne2+ 45.Kh2 Rd4 46.Qf3 Qd7 47.Re1 Nf4 48.
Qxb7 Nxg2 49.Qxd7+ Rxd7 50.Kxg2 Kg7 51.c6 Rd3 52.Re3 Rb3 53.c7 Rxe3 54.
fxe3 Rc8 55.Bd8 Kf7 56.b5 1-0

[Event "10th EUR-ch (w)"]
[Site "Sankt Petersburg RUS"]
[Date "2009.03.14"]
[Round "7"]
[White "Kushka, Alena"]
[Black "Makropoulou, Marina"]
[Result "0-1"]
[WhiteElo "2124"]
[BlackElo "2262"]
[EventDate "2009.03.08"]
[PlyCount "64"]

1.d4 g6 2.c4 Bg7 3.e4 Nc6 4.Nf3 e5 5.Bg5 f6 6.Be3 d6 7.Bd3 Nh6 8.h3 Nf7 9.
d5 Ne7 10.g4 O-O 11.Qc2 c6 12.Nc3 cxd5 13.exd5 f5 14.gxf5 gxf5 15.Ng5 Nxg5
16.Bxg5 h6 17.Bxe7 Qxe7 18.O-O-O e4 19.Be2 Bd7 20.Rdg1 Kh8 21.Rg6 Rf6 22.
Rhg1 Rxg6 23.Rxg6 Rf8 24.Bh5 Be8 25.Rxg7 Qxg7 26.Bxe8 Rxe8 27.Qd2 a6 28.
Qf4 Qg5 29.Qxg5 hxg5 30.Kd2 Kg7 31.Ne2 Rh8 32.Ng1 Kf6 0-1

[Event "10th EUR-ch (w)"]
[Site "Sankt Petersburg RUS"]
[Date "2009.03.14"]
[Round "7"]
[White "Andriasian, Siranush"]
[Black "Lomakina, Galia"]
[Result "1/2-1/2"]
[WhiteElo "2262"]
[BlackElo "2058"]
[EventDate "2009.03.08"]
[PlyCount "175"]

1.e4 d6 2.d4 Nf6 3.Nc3 g6 4.Be3 Bg7 5.Qd2 c6 6.Nf3 Ng4 7.Bg5 h6 8.Bh4 g5 
9.Bg3 Nd7 10.h3 Ngf6 11.e5 Nh5 12.Bh2 dxe5 13.dxe5 Qa5 14.O-O-O Nf4 15.
Bxf4 gxf4 16.Qxf4 Nxe5 17.Qg3 O-O 18.Nd4 b5 19.f4 b4 20.Ne4 Ng6 21.Bc4 Bf5
22.Qe3 Kh8 23.g4 Bxe4 24.Qxe4 Qc7 25.Rdf1 Rad8 26.Nf5 c5 27.Nxg7 Kxg7 28.
c3 bxc3 29.bxc3 Qa5 30.Qc2 Rb8 31.Kd2 Qa3 32.Ke3 Rb2 33.Qc1 Rd8 34.Rf2 Qa4
35.Bb3 Rxb3 36.axb3 Qxb3 37.Qc2 Qe6+ 38.Qe4 Qb6 39.Rb1 Qf6 40.Qc4 e5 41.f5
Nf4 42.Rd2 Rc8 43.Rh1 Qh4 44.Kf3 Nxh3 45.Rdh2 e4+ 46.Qxe4 Ng5+ 47.Kf4 
Qxh2+ 48.Rxh2 Nxe4 49.Kxe4 Rd8 50.Ra2 Rd7 51.Ra5 Rc7 52.Ke5 Re7+ 53.Kf4 c4
54.Rc5 Re1 55.Rxc4 Ra1 56.Rc8 a5 57.Ke3 a4 58.Kd2 a3 59.Kc2 Rg1 60.Ra8 
Rxg4 61.Rxa3 Rf4 62.Kd2 Rxf5 63.c4 Rg5 64.Rc3 Rc5 65.Ke3 Kf6 66.Kd4 Rc8 
67.c5 h5 68.Ke4 Kg5 69.c6 Kg4 70.c7 f5+ 71.Ke3 Kg3 72.Ke2+ Kg2 73.Rc5 h4 
74.Rxf5 Rxc7 75.Rg5+ Kh2 76.Kf2 h3 77.Rg8 Rc2+ 78.Kf1 Rg2 79.Rh8 Rg4 80.
Kf2 Rf4+ 81.Ke3 Rf7 82.Rg8 Kh1 83.Ke2 h2 84.Ke1 Ra7 85.Kf2 Ra1 86.Rh8 Rg1 
87.Rh7 Rg6 88.Rf7 1/2-1/2

[Event "10th EUR-ch (w)"]
[Site "Sankt Petersburg RUS"]
[Date "2009.03.14"]
[Round "7"]
[White "Samigullina, Diana"]
[Black "Akatova, Ekaterina"]
[Result "0-1"]
[WhiteElo "2084"]
[BlackElo "2261"]
[EventDate "2009.03.08"]
[PlyCount "120"]

1.e4 c5 2.Nc3 Nc6 3.g3 g6 4.Bg2 Bg7 5.d3 d6 6.Be3 Nf6 7.h3 O-O 8.Nge2 Rb8 
9.O-O Nd7 10.Qd2 Nd4 11.Nd1 b5 12.Nxd4 cxd4 13.Bh6 b4 14.Bxg7 Kxg7 15.f4 
f6 16.Nf2 a5 17.Ng4 a4 18.h4 h5 19.Nh2 b3 20.cxb3 axb3 21.Nf3 Qb6 22.f5 
Ne5 23.Nxe5 dxe5 24.a3 Bd7 25.g4 hxg4 26.Qe2 Rh8 27.Qxg4 Rbg8 28.h5 g5 29.
Qe2 Rc8 30.Rac1 Rc5 31.Bf3 Kh6 32.Qd2 Rhc8 33.Rxc5 Qxc5 34.Bd1 Ba4 35.Kf2 
Qb6 36.Re1 Rc5 37.Re2 Rc7 38.Ke1 Qc5 39.Kf2 Qb6 40.Ke1 Bd7 41.Rf2 Qb5 42.
Rf3 Bc8 43.Kf2 Ba6 44.Kg3 Qb6 45.Kf2 Bb7 46.Ke1 Bc6 47.Rf2 Ba4 48.Re2 Qc5 
49.Kf2 Rb7 50.Ke1 Be8 51.Rf2 Bf7 52.Rh2 Rc7 53.Rg2 Qc1 54.Rh2 Rc2 55.Qxc1 
Rxc1 56.Rh1 Rb1 57.Rh2 g4 58.Rh4 g3 59.Kd2 g2 60.Rg4 Rxd1+ 0-1

[Event "10th EUR-ch (w)"]
[Site "Sankt Petersburg RUS"]
[Date "2009.03.14"]
[Round "7"]
[White "Dolgova, Olga"]
[Black "Balaian, Alina"]
[Result "1/2-1/2"]
[WhiteElo "2245"]
[BlackElo "2037"]
[EventDate "2009.03.08"]
[PlyCount "150"]

1.d4 Nf6 2.c4 c5 3.Nf3 cxd4 4.Nxd4 e5 5.Nb5 d5 6.cxd5 Bc5 7.N5c3 O-O 8.e3 
e4 9.Be2 Qe7 10.Nd2 Rd8 11.Qc2 Bf5 12.g4 Nxg4 13.Bxg4 Bxg4 14.Qxe4 Qd7 15.
Nb3 Na6 16.Bd2 Re8 17.Nxc5 Nxc5 18.Qd4 Rac8 19.Rg1 f5 20.h3 Bxh3 21.f3 b5 
22.Kf2 b4 23.Ne2 Bg4 24.Bxb4 Ne4+ 25.fxe4 Rxe4 26.Rxg4 Rxg4 27.Qd2 Qd8 28.
Rh1 Rh4 29.Rg1 Rh2+ 30.Ke1 Qh4+ 31.Kd1 Qe4 32.Bc3 Qb1+ 33.Qc1 Qd3+ 34.Qd2 
Qb1+ 35.Qc1 Qxa2 36.Rxg7+ Kf8 37.Rg1 Qxd5+ 38.Ke1 Qf3 39.Qd2 Qf2+ 40.Kd1 
Qxg1+ 41.Nxg1 Rxd2+ 42.Kxd2 Kf7 43.Bd4 a6 44.Ke2 Kg6 45.Kf3 Re8 46.Nh3 Re4
47.Nf4+ Kf7 48.Nd3 a5 49.Nc5 Re8 50.Nb7 Ra8 51.Kf4 Kg6 52.Nd6 a4 53.Nc4 h6
54.Nb6 Ra6 55.Nc4 Ra8 56.Nd6 Rf8 57.Nb5 Ra8 58.Be5 Ra5 59.Nd6 a3 60.bxa3 
Rxa3 61.Nxf5 Ra2 62.Nh4+ Kf7 63.Kf5 Ra5 64.Nf3 Rb5 65.e4 Rb1 66.Bf4 Rf1 
67.Ne5+ Ke7 68.Ng4 h5 69.Ne3 Rf2 70.Nd5+ Kf7 71.e5 Re2 72.Ne3 h4 73.e6+ 
Ke8 74.Kg4 h3 75.Kxh3 Rxe3+ 1/2-1/2

[Event "10th EUR-ch (w)"]
[Site "Sankt Petersburg RUS"]
[Date "2009.03.14"]
[Round "7"]
[White "Lupik, Marina"]
[Black "Molchanova, Tatiana"]
[Result "1-0"]
[WhiteElo "2163"]
[BlackElo "2319"]
[EventDate "2009.03.08"]
[PlyCount "111"]

1.e4 c6 2.c4 d5 3.exd5 cxd5 4.cxd5 Nf6 5.Nc3 g6 6.Bc4 Bg7 7.Nge2 O-O 8.O-O
Nbd7 9.d3 Nb6 10.Qb3 Bd7 11.a4 Rc8 12.Bf4 Nh5 13.Be3 Qc7 14.a5 Nxc4 15.
dxc4 Qxc4 16.Qxc4 Rxc4 17.Bxa7 Rfc8 18.Rfd1 Be5 19.Bd4 Bd6 20.Be3 Nf6 21.
f3 Kg7 22.Bd4 Bc5 23.Bxc5 R8xc5 24.Ng3 Rb4 25.Rd2 Rc8 26.Kf2 Ne8 27.Re1 e6
28.Re4 Rb3 29.dxe6 Bxe6 30.Nge2 Nf6 31.Red4 Rc4 32.Rxc4 Bxc4 33.Nc1 Rb4 
34.b3 Be6 35.Ke3 Rh4 36.g3 Rh5 37.b4 Re5+ 38.Kf2 Nd5 39.Nxd5 Bxd5 40.f4 
Rh5 41.Ke3 Bh1 42.Nb3 Rh3 43.Nc5 h5 44.Ne4 Bxe4 45.Kxe4 h4 46.Rd7 Rxh2 47.
gxh4 Rxh4 48.Rxb7 g5 49.a6 Rxf4+ 50.Ke3 Rf1 51.a7 Ra1 52.b5 Ra3+ 53.Kf2 
Ra2+ 54.Kg3 Ra3+ 55.Kg4 Kg6 56.Rb6+ 1-0

[Event "10th EUR-ch (w)"]
[Site "Sankt Petersburg RUS"]
[Date "2009.03.14"]
[Round "7"]
[White "Baciu, Diana"]
[Black "Berzina, Ilze"]
[Result "1/2-1/2"]
[WhiteElo "2107"]
[BlackElo "2308"]
[EventDate "2009.03.08"]
[PlyCount "46"]

1.e4 e5 2.Nf3 Nc6 3.Bc4 Nf6 4.d3 Bc5 5.c3 a6 6.h3 h6 7.Nbd2 d6 8.Bb3 Ba7 
9.Nf1 Be6 10.Ng3 O-O 11.O-O d5 12.Qe2 Re8 13.Bd2 Qd7 14.Rad1 Rad8 15.Bc1 
Qc8 16.Rfe1 b5 17.Nh4 Bxh3 18.gxh3 Qxh3 19.Nhf5 Ng4 20.Ne3 Qh2+ 21.Kf1 
Qh3+ 22.Kg1 Qh2+ 23.Kf1 Qh3+ 1/2-1/2

[Event "10th EUR-ch (w)"]
[Site "Sankt Petersburg RUS"]
[Date "2009.03.14"]
[Round "7"]
[White "Shaidullina, Sandugach"]
[Black "Zakharova, Alexandra"]
[Result "1-0"]
[WhiteElo "2232"]
[BlackElo "2152"]
[EventDate "2009.03.08"]
[PlyCount "71"]

1.d4 d5 2.c4 c6 3.Nf3 Nf6 4.Nc3 a6 5.cxd5 cxd5 6.Bf4 Nc6 7.Rc1 e6 8.e3 Bd6
9.Ne5 O-O 10.Nxc6 bxc6 11.Bd3 c5 12.dxc5 Bxc5 13.O-O Bd6 14.Bg5 Bb7 15.Na4
h6 16.Bh4 Be7 17.Nc5 Qb6 18.Nxb7 Qxb7 19.Qe2 a5 20.Rc2 Rfc8 21.Rfc1 Rxc2 
22.Qxc2 Qb4 23.Bg3 Ne8 24.a3 Qb6 25.Be5 Bf6 26.Bxf6 gxf6 27.Qe2 Ng7 28.Rc3
Rb8 29.Qc2 Ne8 30.b3 Kf8 31.h3 Qd6 32.Qc1 Ke7 33.Rc6 Qd7 34.Qc5+ Kd8 35.
Qxa5+ Nc7 36.Qc5 1-0

[Event "10th EUR-ch (w)"]
[Site "Sankt Petersburg RUS"]
[Date "2009.03.14"]
[Round "7"]
[White "Lelekova, Olga"]
[Black "Ni, Viktorija"]
[Result "1-0"]
[WhiteElo "2222"]
[BlackElo "2150"]
[EventDate "2009.03.08"]
[PlyCount "75"]

1.e4 c5 2.Nf3 e6 3.d4 cxd4 4.Nxd4 a6 5.Bd3 Bc5 6.Nb3 Ba7 7.Qe2 d6 8.Be3 
Ne7 9.Nc3 O-O 10.f4 Nbc6 11.O-O f5 12.Kh1 b5 13.a4 b4 14.Nd1 fxe4 15.Bxe4 
d5 16.Bf3 Nf5 17.Bxa7 Rxa7 18.g3 Qf6 19.Bg2 Rc7 20.c3 a5 21.Nf2 Qg6 22.
cxb4 Nxb4 23.Rfc1 Nc2 24.Rab1 Nfe3 25.Nxa5 Rxf4 26.Nd3 Rxa4 27.Nf4 Qf7 28.
Nb3 Ba6 29.Qd2 Bb7 30.Na5 Rd4 31.Qe2 Bc8 32.Bf3 Rb4 33.Ng2 d4 34.Nc6 Ba6 
35.Qxa6 Qxf3 36.Qa8+ Qf8 37.Qxf8+ Kxf8 38.Nxb4 1-0

[Event "10th EUR-ch (w)"]
[Site "Sankt Petersburg RUS"]
[Date "2009.03.14"]
[Round "7"]
[White "Bogumil, Tatiana"]
[Black "Della-Rossa, Anastasia"]
[Result "1/2-1/2"]
[WhiteElo "2218"]
[BlackElo "1868"]
[EventDate "2009.03.08"]
[PlyCount "93"]

1.d4 Nf6 2.Nf3 c5 3.c4 cxd4 4.Nxd4 Nc6 5.Nc3 g6 6.g3 Bg7 7.Bg2 a6 8.O-O 
Qc7 9.c5 O-O 10.Na4 e5 11.Nb3 Rd8 12.Nb6 Rb8 13.Bg5 Rf8 14.Rc1 h6 15.Bxf6 
Bxf6 16.Nd5 Qd8 17.Nxf6+ Qxf6 18.Qd6 Qxd6 19.cxd6 Nd8 20.f4 exf4 21.gxf4 
f5 22.Bd5+ Kg7 23.e4 fxe4 24.Nc5 e3 25.Nxd7 Bxd7 26.Rc7 Nf7 27.Rxd7 Rbd8 
28.Rxb7 Rxd6 29.Bc4 Rf6 30.Ra7 a5 31.b3 Kh8 32.Rxa5 Nd6 33.Bd3 Rxf4 34.
Rxf4 Rxf4 35.Re5 Rf2 36.Rxe3 Rxa2 37.Bxg6 Rb2 38.h4 Kg7 39.h5 Kf6 40.Kf1 
Nb7 41.Be4 Nc5 42.Bd5 Kg5 43.Rc3 Na6 44.Bf7 Nb4 45.Ke1 Kf6 46.Rf3+ Kg5 47.
Kd1 1/2-1/2

[Event "10th EUR-ch (w)"]
[Site "Sankt Petersburg RUS"]
[Date "2009.03.14"]
[Round "7"]
[White "Petrukhina, Irina"]
[Black "Hairapetian, Anna"]
[Result "0-1"]
[WhiteElo "1905"]
[BlackElo "2177"]
[EventDate "2009.03.08"]
[PlyCount "73"]

1.d4 Nf6 2.c4 c5 3.d5 b5 4.cxb5 a6 5.b6 Qxb6 6.Nc3 d6 7.e4 g6 8.Nf3 Bg7 9.
Bd3 O-O 10.Qc2 Nbd7 11.O-O Rb8 12.Re1 Ng4 13.Bf1 Bb7 14.Bg5 Rfe8 15.Rad1 
Ba8 16.Na4 Qa7 17.b3 h6 18.Bc1 Rec8 19.h3 Nge5 20.Nxe5 Nxe5 21.f4 Nd7 22.
Qf2 Rb4 23.Bb2 Bd4 24.Bxd4 cxd4 25.Kh1 Nf6 26.Nb2 e6 27.Bc4 Nxe4 28.Rxe4 
exd5 29.Qxd4 Qd7 30.Qd2 dxc4 31.Re3 c3 32.Rxc3 Rxc3 33.Qxc3 Rxf4 34.Nc4 
Rf2 35.Rxd6 Qe7 36.Rd1 Rxg2 37.Qa5 0-1